[Event "Festival"]
[Site "?"]
[Date "2016.02.17"]
[Round "7.5"]
[White "Bailet, Pierre"]
[Black "Paehtz, Elisabeth"]
[Result "1/2-1/2"]
[LiveChessVersion "1.4.7"]
[BlackElo "2472"]
[WhiteElo "2509"]

1. Nf3 {[%clk 1:30:53]} Nf6 {[%clk 1:30:42]} 2. c4 {[%clk 1:31:12]} c6
{[%clk 1:31:10]} 3. d4 {[%clk 1:30:21]} d5 {[%clk 1:31:33]} 4. e3
{[%clk 1:30:44]} g6 {[%clk 1:31:56]} 5. Be2 {[%clk 1:31:00]} Bg7 {[%clk 1:32:22]}
6. O-O {[%clk 1:31:20]} O-O {[%clk 1:32:49]} 7. Nc3 {[%clk 1:31:35]} a6
{[%clk 1:30:16]} 8. b3 {[%clk 1:27:51]} Nbd7 {[%clk 1:24:00]} 9. Qc2
{[%clk 1:20:26]} b5 {[%clk 1:05:41]} 10. Rd1 {[%clk 1:11:03]} Qc7
{[%clk 0:52:47]} 11. Bb2 {[%clk 1:06:46]} Nb6 {[%clk 0:51:14]} 12. cxd5
{[%clk 0:54:02]} cxd5 {[%clk 0:48:54]} 13. Rdc1 {[%clk 0:54:19]} Bf5
{[%clk 0:45:21]} 14. Bd3 {[%clk 0:54:42]} Bxd3 {[%clk 0:43:58]} 15. Qxd3
{[%clk 0:55:06]} Qb7 {[%clk 0:43:18]} 16. Ba3 {[%clk 0:52:03]} Rfc8
{[%clk 0:42:56]} 17. Bc5 {[%clk 0:51:41]} e6 {[%clk 0:41:56]} 18. a4
{[%clk 0:44:15]} Nbd7 {[%clk 0:39:49]} 19. b4 {[%clk 0:43:05]} bxa4
{[%clk 0:38:07]} 20. Nxa4 {[%clk 0:38:31]} Ne4 {[%clk 0:36:33]} 21. Rab1
{[%clk 0:36:39]} Bf6 {[%clk 0:30:41]} 22. Nd2 {[%clk 0:35:29]} Nxd2
{[%clk 0:28:38]} 23. Qxd2 {[%clk 0:35:51]} Rc6 {[%clk 0:28:02]} 24. Nc3
{[%clk 0:35:53]} Rcc8 {[%clk 0:26:00]} 25. Qd3 {[%clk 0:35:48]} a5
{[%clk 0:20:58]} 26. bxa5 {[%clk 0:31:58]} Nxc5 {[%clk 0:21:23]} 27. dxc5
{[%clk 0:32:21]} Qe7 {[%clk 0:19:10]} 28. a6 {[%clk 0:21:37]} Qxc5
{[%clk 0:18:06]} 29. Ne2 {[%clk 0:22:04]} Qa5 {[%clk 0:18:23]} 30. Rxc8+
{[%clk 0:22:28]} Rxc8 {[%clk 0:18:49]} 31. Qb5 {[%clk 0:21:37]} Qa2
{[%clk 0:09:46]} 32. Qb7 {[%clk 0:21:06]} Kg7 {[%clk 0:06:21]} 33. g3
{[%clk 0:16:59]} Rc5 {[%clk 0:02:23]} 34. Nf4 {[%clk 0:16:43]} d4
{[%clk 0:02:43]} 35. a7 {[%clk 0:08:33]} Ra5 {[%clk 0:03:08]} 36. Nxe6+
{[%clk 0:04:42]} Qxe6 {[%clk 0:03:34]} 37. a8=Q {[%clk 0:05:03]} Rxa8
{[%clk 0:04:01]} 38. Qxa8 {[%clk 0:05:24]} dxe3 {[%clk 0:04:27]} 39. fxe3
{[%clk 0:04:04]} Qxe3+ {[%clk 0:04:53]} 40. Kh1 {[%clk 0:04:23]} h5
{[%clk 0:04:59]} 41. Rf1 {[%clk 0:04:33]} Qe6 {[%clk 0:04:55]} 42. Qf3
{[%clk 0:04:45]} Qe5 {[%clk 0:04:47]} 43. Qf4 {[%clk 0:05:04]} Qd5+
{[%clk 0:05:11]} 44. Qf3 {[%clk 0:05:29]} Qe5 {[%clk 0:05:38]} 45. Qf4
{[%clk 0:05:56]} Qd5+ {[%clk 0:06:04]} 46. Qf3 {[%clk 0:06:20]} 1/2-1/2

[Event "Festival"]
[Site "?"]
[Date "2016.02.17"]
[Round "8.1"]
[White "Donchenko, Alexander"]
[Black "Maisuradze, Nino"]
[Result "1/2-1/2"]
[LiveChessVersion "1.4.7"]
[BlackElo "2302"]
[WhiteElo "2575"]

1. Nf3 {[%clk 1:30:57]} Nf6 {[%clk 1:30:34]} 2. g3 {[%clk 1:29:32]} c5
{[%clk 1:30:29]} 3. c4 {[%clk 1:29:25]} Nc6 {[%clk 1:30:06]} 4. Bg2
{[%clk 1:29:38]} e5 {[%clk 1:30:04]} 5. Nc3 {[%clk 1:29:54]} d6 {[%clk 1:29:07]}
6. d3 {[%clk 1:27:19]} h6 {[%clk 1:28:56]} 7. a3 {[%clk 1:26:15]} Be6
{[%clk 1:29:00]} 8. b4 {[%clk 1:18:52]} cxb4 {[%clk 1:27:30]} 9. axb4
{[%clk 1:18:42]} Nxb4 {[%clk 1:27:02]} 10. Qa4+ {[%clk 1:15:18]} Nc6
{[%clk 1:27:11]} 11. Rb1 {[%clk 1:15:00]} Rb8 {[%clk 1:15:21]} 12. c5
{[%clk 1:00:43]} Bd7 {[%clk 0:59:00]} 13. cxd6 {[%clk 0:52:14]} Bxd6
{[%clk 0:58:55]} 14. Nb5 {[%clk 0:51:58]} Be7 {[%clk 0:55:56]} 15. Nxa7
{[%clk 0:49:36]} Nd4 {[%clk 0:43:41]} 16. Qa2 {[%clk 0:47:00]} Be6
{[%clk 0:43:25]} 17. Qa4+ {[%clk 0:46:47]} Bd7 {[%clk 0:42:57]} 18. Qa2
{[%clk 0:46:37]} Be6 {[%clk 0:43:23]} 19. Qa4+ {[%clk 0:46:59]} Bd7
{[%clk 0:29:19]} 1/2-1/2

[Event "Festival"]
[Site "?"]
[Date "2016.02.17"]
[Round "8.2"]
[White "Karavade, Eesha"]
[Black "Bailet, Pierre"]
[Result "0-1"]
[LiveChessVersion "1.4.7"]
[BlackElo "2509"]
[WhiteElo "2400"]

1. d4 {[%clk 1:27:33]} Nf6 {[%clk 1:30:46]} 2. c4 {[%clk 1:27:55]} g6
{[%clk 1:30:58]} 3. Nc3 {[%clk 1:28:10]} Bg7 {[%clk 1:31:17]} 4. e4
{[%clk 1:28:32]} d6 {[%clk 1:31:41]} 5. Nf3 {[%clk 1:28:55]} O-O {[%clk 1:32:04]}
6. Be2 {[%clk 1:29:22]} Nbd7 {[%clk 1:32:22]} 7. Be3 {[%clk 1:27:31]} e5
{[%clk 1:32:14]} 8. d5 {[%clk 1:27:27]} Ng4 {[%clk 1:27:38]} 9. Bg5
{[%clk 1:27:48]} f6 {[%clk 1:28:01]} 10. Bd2 {[%clk 1:28:13]} a5 {[%clk 1:27:26]}
11. h3 {[%clk 1:20:49]} Nh6 {[%clk 1:27:39]} 12. h4 {[%clk 1:21:06]} Nc5
{[%clk 1:23:51]} 13. Qc1 {[%clk 1:14:40]} Ng4 {[%clk 1:12:25]} 14. h5
{[%clk 1:15:08]} f5 {[%clk 1:12:10]} 15. hxg6 {[%clk 1:12:33]} hxg6
{[%clk 1:11:54]} 16. Ng5 {[%clk 1:10:53]} Nf6 {[%clk 1:03:39]} 17. Be3
{[%clk 1:03:08]} b6 {[%clk 0:58:15]} 18. Qc2 {[%clk 0:56:23]} fxe4
{[%clk 0:57:56]} 19. Bxc5 {[%clk 0:54:31]} bxc5 {[%clk 0:58:19]} 20. Ncxe4
{[%clk 0:54:55]} Bf5 {[%clk 0:57:09]} 21. Bd3 {[%clk 0:55:18]} Nxe4
{[%clk 0:41:33]} 22. Nxe4 {[%clk 0:55:24]} Qe7 {[%clk 0:41:49]} 23. O-O-O
{[%clk 0:49:11]} Rab8 {[%clk 0:42:17]} 24. Qe2 {[%clk 0:48:36]} Rb4
{[%clk 0:42:00]} 25. Rd2 {[%clk 0:48:34]} Rfb8 {[%clk 0:38:01]} 26. Kb1
{[%clk 0:47:53]} a4 {[%clk 0:33:28]} 27. Rc2 {[%clk 0:43:51]} R8b6
{[%clk 0:32:46]} 28. g4 {[%clk 0:43:09]} Bxe4 {[%clk 0:31:12]} 29. Qxe4
{[%clk 0:43:28]} Qg5 {[%clk 0:31:37]} 30. f3 {[%clk 0:42:37]} Kf8
{[%clk 0:29:00]} 31. Rhh2 {[%clk 0:41:22]} Bh6 {[%clk 0:28:55]} 32. Rh1
{[%clk 0:38:20]} Rxb2+ {[%clk 0:26:15]} 33. Rxb2 {[%clk 0:38:34]} Rxb2+
{[%clk 0:26:38]} 34. Kxb2 {[%clk 0:38:59]} Qd2+ {[%clk 0:26:56]} 35. Kb1
{[%clk 0:39:11]} a3 {[%clk 0:25:35]} 36. Qe2 {[%clk 0:37:04]} Qb4+
{[%clk 0:25:48]} 37. Ka1 {[%clk 0:37:27]} Qc3+ {[%clk 0:25:56]} 38. Kb1
{[%clk 0:37:50]} Bd2 {[%clk 0:25:56]} 0-1

[Event "Festival"]
[Site "?"]
[Date "2016.02.17"]
[Round "8.3"]
[White "Fier, Alexandr"]
[Black "Brunner, Nicolas"]
[Result "1-0"]
[LiveChessVersion "1.4.7"]
[BlackElo "2438"]
[WhiteElo "2608"]

1. d4 {[%clk 1:30:58]} Nf6 {[%clk 1:30:55]} 2. c4 {[%clk 1:30:34]} e6
{[%clk 1:31:20]} 3. Nc3 {[%clk 1:31:01]} Bb4 {[%clk 1:31:46]} 4. e3
{[%clk 1:31:28]} b6 {[%clk 1:32:10]} 5. Nf3 {[%clk 1:31:34]} Bb7 {[%clk 1:32:27]}
6. Bd3 {[%clk 1:31:59]} O-O {[%clk 1:32:38]} 7. O-O {[%clk 1:32:25]} d5
{[%clk 1:33:03]} 8. Bd2 {[%clk 1:32:13]} Bxc3 {[%clk 1:25:55]} 9. Bxc3
{[%clk 1:32:07]} Ne4 {[%clk 1:26:10]} 10. Bb4 {[%clk 1:31:33]} Re8
{[%clk 1:23:44]} 11. cxd5 {[%clk 1:31:05]} exd5 {[%clk 1:23:57]} 12. Rc1
{[%clk 1:31:24]} Nd7 {[%clk 1:22:55]} 13. Ba3 {[%clk 1:29:26]} c6
{[%clk 1:18:40]} 14. b3 {[%clk 1:26:52]} a5 {[%clk 1:18:02]} 15. Bb2
{[%clk 1:27:13]} Re6 {[%clk 1:10:55]} 16. Ne5 {[%clk 1:24:48]} Nxe5
{[%clk 1:09:06]} 17. dxe5 {[%clk 1:25:13]} Nc5 {[%clk 0:58:02]} 18. Bf5
{[%clk 1:25:32]} Rh6 {[%clk 0:57:42]} 19. f4 {[%clk 1:23:31]} Qh4
{[%clk 0:55:13]} 20. h3 {[%clk 1:23:56]} Bc8 {[%clk 0:47:09]} 21. Bxc8
{[%clk 1:18:54]} Rxc8 {[%clk 0:47:32]} 22. f5 {[%clk 1:17:32]} Re8
{[%clk 0:41:11]} 23. Rf4 {[%clk 1:13:25]} Qg5 {[%clk 0:38:02]} 24. Bd4
{[%clk 1:09:14]} Ne4 {[%clk 0:31:40]} 25. Qf3 {[%clk 0:58:38]} c5
{[%clk 0:31:30]} 26. Rg4 {[%clk 0:58:26]} Qd8 {[%clk 0:30:20]} 27. Qf4
{[%clk 0:56:36]} Rh5 {[%clk 0:30:15]} 28. Ba1 {[%clk 0:56:45]} Qc8
{[%clk 0:25:55]} 29. e6 {[%clk 0:53:51]} f6 {[%clk 0:26:07]} 30. Qf3
{[%clk 0:52:12]} Rg5 {[%clk 0:25:29]} 31. Rxg5 {[%clk 0:50:59]} fxg5
{[%clk 0:25:52]} 32. Rd1 {[%clk 0:51:22]} Qc6 {[%clk 0:25:54]} 33. Qh5
{[%clk 0:51:22]} Re7 {[%clk 0:24:46]} 34. h4 {[%clk 0:51:43]} h6 {[%clk 0:21:04]}
35. hxg5 {[%clk 0:51:55]} hxg5 {[%clk 0:21:08]} 36. Qg6 {[%clk 0:47:34]} Qd6
{[%clk 0:20:35]} 37. Qh5 {[%clk 0:37:50]} Qg3 {[%clk 0:19:36]} 38. Qf3
{[%clk 0:37:37]} Qh4 {[%clk 0:18:03]} 39. Rxd5 {[%clk 0:37:20]} g4
{[%clk 0:17:34]} 40. g3 {[%clk 0:32:18]} Nxg3 {[%clk 0:17:58]} 41. Rd8+
{[%clk 0:32:24]} Kh7 {[%clk 0:18:23]} 42. Qa8 {[%clk 0:32:35]} Ne2+
{[%clk 0:18:05]} 43. Kg2 {[%clk 0:31:43]} Nf4+ {[%clk 0:12:14]} 44. exf4
{[%clk 0:31:39]} Qh3+ {[%clk 0:12:40]} 45. Kf2 {[%clk 0:31:47]} Qh2+
{[%clk 0:12:01]} 46. Ke3 {[%clk 0:30:08]} Qg3+ {[%clk 0:10:55]} 47. Ke4
{[%clk 0:29:12]} Qe1+ {[%clk 0:07:42]} 48. Kd5 {[%clk 0:29:23]} Qd1+
{[%clk 0:06:43]} 49. Kc6 {[%clk 0:29:27]} Qf3+ {[%clk 0:06:54]} 50. Kd6
{[%clk 0:29:47]} Qxa8 {[%clk 0:06:31]} 51. Rxa8 {[%clk 0:30:13]} g3
{[%clk 0:06:56]} 52. Kxe7 {[%clk 0:30:21]} g2 {[%clk 0:07:20]} 53. Kf7
{[%clk 0:30:37]} g1=Q {[%clk 0:07:36]} 54. e7 {[%clk 0:31:01]} Qxa1
{[%clk 0:06:43]} 55. Rh8+ {[%clk 0:31:27]} 1-0

[Event "Festival"]
[Site "?"]
[Date "2016.02.17"]
[Round "8.4"]
[White "Loiseau, Quentin"]
[Black "Arakhamia-Grant, Ketevan"]
[Result "1/2-1/2"]
[LiveChessVersion "1.4.7"]
[BlackElo "2346"]
[WhiteElo "2437"]

1. d4 {[%clk 1:30:55]} d5 {[%clk 1:30:15]} 2. c4 {[%clk 1:31:12]} e6
{[%clk 1:30:39]} 3. Nc3 {[%clk 1:31:17]} Nf6 {[%clk 1:30:39]} 4. Nf3
{[%clk 1:31:38]} Nbd7 {[%clk 1:30:19]} 5. Bf4 {[%clk 1:28:56]} dxc4
{[%clk 1:25:48]} 6. e3 {[%clk 1:28:57]} Nb6 {[%clk 1:25:30]} 7. Bxc4
{[%clk 1:28:25]} Nxc4 {[%clk 1:24:55]} 8. Qa4+ {[%clk 1:28:41]} c6
{[%clk 1:21:25]} 9. Qxc4 {[%clk 1:27:37]} Be7 {[%clk 1:21:47]} 10. O-O
{[%clk 1:21:40]} O-O {[%clk 1:21:17]} 11. Rac1 {[%clk 1:18:00]} a5
{[%clk 1:16:15]} 12. Ne5 {[%clk 1:10:11]} Ra6 {[%clk 1:05:42]} 13. Qd3
{[%clk 1:07:26]} a4 {[%clk 1:01:09]} 14. Rfd1 {[%clk 1:03:22]} Nd5
{[%clk 0:54:06]} 15. Bg3 {[%clk 0:47:44]} a3 {[%clk 0:51:38]} 16. b3
{[%clk 0:48:00]} f6 {[%clk 0:51:18]} 17. Nf3 {[%clk 0:47:22]} Ra5
{[%clk 0:43:36]} 18. Qe2 {[%clk 0:41:32]} Nb4 {[%clk 0:41:42]} 19. Nd2
{[%clk 0:35:26]} b6 {[%clk 0:40:25]} 20. Nc4 {[%clk 0:35:49]} Ra7
{[%clk 0:37:23]} 21. e4 {[%clk 0:28:58]} b5 {[%clk 0:21:46]} 22. Ne3
{[%clk 0:24:56]} Rd7 {[%clk 0:20:17]} 23. d5 {[%clk 0:20:50]} cxd5
{[%clk 0:11:12]} 24. exd5 {[%clk 0:21:03]} exd5 {[%clk 0:10:10]} 25. Ncxd5
{[%clk 0:20:38]} Nxd5 {[%clk 0:07:12]} 26. Nxd5 {[%clk 0:21:01]} Rxd5
{[%clk 0:06:49]} 27. Rxd5 {[%clk 0:21:26]} Qxd5 {[%clk 0:07:14]} 28. Qxe7
{[%clk 0:21:52]} Qd2 {[%clk 0:05:24]} 29. Re1 {[%clk 0:17:09]} h6
{[%clk 0:05:01]} 30. h4 {[%clk 0:15:52]} Bd7 {[%clk 0:04:13]} 31. Re2
{[%clk 0:13:50]} Qd1+ {[%clk 0:03:21]} 32. Re1 {[%clk 0:14:06]} Qd2
{[%clk 0:03:44]} 33. Re2 {[%clk 0:11:42]} Qd1+ {[%clk 0:03:57]} 34. Re1
{[%clk 0:12:07]} Qd2 {[%clk 0:04:22]} 35. Re2 {[%clk 0:12:31]} 1/2-1/2

[Event "Festival"]
[Site "?"]
[Date "2016.02.17"]
[Round "8.5"]
[White "Paehtz, Elisabeth"]
[Black "Savina, Anastasia"]
[Result "1/2-1/2"]
[LiveChessVersion "1.4.7"]
[BlackElo "2401"]
[WhiteElo "2472"]

1. d4 {[%clk 1:30:52]} Nf6 {[%clk 1:30:40]} 2. c4 {[%clk 1:31:17]} g6
{[%clk 1:30:49]} 3. Nf3 {[%clk 1:31:28]} Bg7 {[%clk 1:31:07]} 4. g3
{[%clk 1:31:55]} O-O {[%clk 1:31:32]} 5. Bg2 {[%clk 1:32:22]} d6 {[%clk 1:31:58]}
6. O-O {[%clk 1:32:48]} Nc6 {[%clk 1:32:24]} 7. Nc3 {[%clk 1:33:15]} a6
{[%clk 1:32:46]} 8. b3 {[%clk 1:31:50]} Rb8 {[%clk 1:32:31]} 9. Nd5
{[%clk 1:31:55]} Nxd5 {[%clk 1:30:49]} 10. cxd5 {[%clk 1:32:17]} Nb4
{[%clk 1:31:15]} 11. e4 {[%clk 1:24:16]} f5 {[%clk 1:27:39]} 12. Ng5
{[%clk 1:20:18]} c5 {[%clk 1:25:56]} 13. dxc6 {[%clk 1:12:59]} Nxc6
{[%clk 1:26:07]} 14. exf5 {[%clk 1:13:25]} Bxf5 {[%clk 1:25:42]} 15. Bd5+
{[%clk 1:10:22]} Kh8 {[%clk 1:24:40]} 16. Bb2 {[%clk 0:58:51]} Qa5
{[%clk 1:18:24]} 17. Nf7+ {[%clk 0:57:26]} Kg8 {[%clk 1:18:18]} 18. Nh6+
{[%clk 0:57:50]} Kh8 {[%clk 1:18:44]} 19. Nf7+ {[%clk 0:57:57]} Kg8
{[%clk 1:18:52]} 20. Nh6+ {[%clk 0:58:22]} Kh8 {[%clk 1:19:14]} 21. Nf7+
{[%clk 0:57:25]} 1/2-1/2

[Event "Festival"]
[Site "?"]
[Date "2016.02.17"]
[Round "9.1"]
[White "Bailet, Pierre"]
[Black "Donchenko, Alexander"]
[Result "1/2-1/2"]
[LiveChessVersion "1.4.7"]
[BlackElo "2575"]
[WhiteElo "2509"]

1. d4 {[%clk 1:30:55]} d5 {[%clk 1:30:49]} 2. c4 {[%clk 1:31:11]} e6
{[%clk 1:31:03]} 3. Nf3 {[%clk 1:30:46]} dxc4 {[%clk 1:31:10]} 4. e3
{[%clk 1:28:09]} Nf6 {[%clk 1:31:07]} 5. Bxc4 {[%clk 1:28:30]} c5
{[%clk 1:31:31]} 6. O-O {[%clk 1:28:49]} a6 {[%clk 1:31:56]} 7. Bb3
{[%clk 1:25:11]} Nc6 {[%clk 1:31:52]} 8. Nc3 {[%clk 1:23:19]} Qc7
{[%clk 1:31:56]} 9. Qe2 {[%clk 1:22:31]} Be7 {[%clk 1:31:52]} 10. dxc5
{[%clk 1:22:09]} Bxc5 {[%clk 1:32:13]} 11. e4 {[%clk 1:21:50]} Ng4
{[%clk 1:32:27]} 12. g3 {[%clk 1:22:02]} Nge5 {[%clk 1:32:19]} 13. Bf4
{[%clk 1:19:25]} Bd6 {[%clk 1:30:32]} 14. Nxe5 {[%clk 1:15:17]} Bxe5
{[%clk 1:29:51]} 15. Bxe5 {[%clk 1:12:51]} Qxe5 {[%clk 1:30:10]} 16. f4
{[%clk 1:13:07]} Qc5+ {[%clk 1:28:52]} 17. Qf2 {[%clk 1:05:37]} Nd4
{[%clk 1:22:53]} 18. Rad1 {[%clk 0:50:03]} Nxb3 {[%clk 1:22:23]} 19. axb3
{[%clk 0:50:26]} Qxf2+ {[%clk 1:19:24]} 20. Kxf2 {[%clk 0:50:19]} Bd7
{[%clk 1:18:29]} 21. b4 {[%clk 0:46:55]} Ke7 {[%clk 1:14:42]} 22. Ke3
{[%clk 0:47:05]} Rhd8 {[%clk 1:09:50]} 23. Rd4 {[%clk 0:46:06]} Be8
{[%clk 1:08:10]} 24. Rfd1 {[%clk 0:42:59]} Rxd4 {[%clk 1:08:21]} 25. Rxd4
{[%clk 0:42:25]} f6 {[%clk 1:07:41]} 26. e5 {[%clk 0:39:24]} fxe5
{[%clk 1:05:19]} 27. fxe5 {[%clk 0:39:48]} Bc6 {[%clk 1:05:22]} 28. h4
{[%clk 0:38:42]} h6 {[%clk 1:03:32]} 29. Rg4 {[%clk 0:34:59]} Kf7
{[%clk 1:02:04]} 30. Rf4+ {[%clk 0:35:22]} Ke7 {[%clk 1:02:06]} 31. Rg4
{[%clk 0:32:11]} Kf7 {[%clk 1:02:13]} 32. Rf4+ {[%clk 0:32:19]} Ke7
{[%clk 1:02:37]} 33. Rg4 {[%clk 0:32:38]} 1/2-1/2

[Event "Festival"]
[Site "?"]
[Date "2016.02.17"]
[Round "9.2"]
[White "Arakhamia-Grant, Ketevan"]
[Black "Fier, Alexandr"]
[Result "1-0"]
[LiveChessVersion "1.4.7"]
[BlackElo "2608"]
[WhiteElo "2346"]

1. e4 {[%clk 1:30:58]} c5 {[%clk 1:30:56]} 2. Nf3 {[%clk 1:31:16]} e6
{[%clk 1:31:22]} 3. d4 {[%clk 1:30:47]} cxd4 {[%clk 1:31:47]} 4. Nxd4
{[%clk 1:31:14]} Nc6 {[%clk 1:32:11]} 5. Nc3 {[%clk 1:30:34]} d6 {[%clk 1:32:32]}
6. Be3 {[%clk 1:26:48]} Nf6 {[%clk 1:32:53]} 7. Be2 {[%clk 1:25:09]} Be7
{[%clk 1:32:48]} 8. O-O {[%clk 1:25:32]} O-O {[%clk 1:33:15]} 9. f4
{[%clk 1:25:40]} a6 {[%clk 1:33:40]} 10. Kh1 {[%clk 1:24:36]} Bd7
{[%clk 1:33:37]} 11. Qe1 {[%clk 1:17:54]} b5 {[%clk 1:33:52]} 12. a3
{[%clk 1:18:12]} Qb8 {[%clk 1:34:17]} 13. Bd3 {[%clk 1:13:05]} Nxd4
{[%clk 1:29:40]} 14. Bxd4 {[%clk 1:13:28]} Bc6 {[%clk 1:29:43]} 15. Qg3
{[%clk 1:07:18]} b4 {[%clk 1:26:34]} 16. Nd1 {[%clk 0:47:54]} Qb7
{[%clk 1:16:23]} 17. Nf2 {[%clk 0:44:16]} g6 {[%clk 1:14:45]} 18. Qe3
{[%clk 0:41:27]} a5 {[%clk 1:11:03]} 19. a4 {[%clk 0:40:33]} Qc7 {[%clk 1:09:27]}
20. b3 {[%clk 0:35:51]} e5 {[%clk 1:04:03]} 21. Bb2 {[%clk 0:35:00]} Kg7
{[%clk 1:02:54]} 22. Bc4 {[%clk 0:23:04]} Rae8 {[%clk 1:01:43]} 23. f5
{[%clk 0:15:22]} gxf5 {[%clk 1:01:08]} 24. Qg5+ {[%clk 0:15:26]} Kh8
{[%clk 1:01:35]} 25. Qxf5 {[%clk 0:15:50]} Bd7 {[%clk 1:02:01]} 26. Qf3
{[%clk 0:15:57]} Be6 {[%clk 1:02:28]} 27. Bd3 {[%clk 0:14:37]} Rg8
{[%clk 0:58:05]} 28. Rae1 {[%clk 0:14:55]} Rg6 {[%clk 0:58:01]} 29. Nd1
{[%clk 0:13:54]} Reg8 {[%clk 0:54:59]} 30. Ne3 {[%clk 0:13:58]} Qc5
{[%clk 0:55:24]} 31. Re2 {[%clk 0:11:16]} Ng4 {[%clk 0:54:47]} 32. Bc1
{[%clk 0:08:05]} Nxe3 {[%clk 0:52:33]} 33. Bxe3 {[%clk 0:06:55]} Qc6
{[%clk 0:52:59]} 34. Ref2 {[%clk 0:06:12]} Bh4 {[%clk 0:53:22]} 35. Rd2
{[%clk 0:05:41]} Qc3 {[%clk 0:50:59]} 36. Qh5 {[%clk 0:03:58]} Bg5
{[%clk 0:48:35]} 37. Bxg5 {[%clk 0:03:53]} Rxg5 {[%clk 0:49:02]} 38. Qd1
{[%clk 0:04:14]} R8g6 {[%clk 0:42:43]} 39. Rdf2 {[%clk 0:04:35]} Rh6
{[%clk 0:42:49]} 40. Rf6 {[%clk 0:03:52]} Rxf6 {[%clk 0:42:49]} 41. Rxf6
{[%clk 0:04:17]} Qd4 {[%clk 0:39:00]} 42. Rf1 {[%clk 0:03:47]} f5
{[%clk 0:37:56]} 43. Qe1 {[%clk 0:02:36]} f4 {[%clk 0:37:15]} 44. Qh4
{[%clk 0:02:39]} Rg6 {[%clk 0:37:42]} 45. Qd8+ {[%clk 0:02:41]} Bg8
{[%clk 0:37:03]} 46. Qxa5 {[%clk 0:02:00]} d5 {[%clk 0:37:31]} 47. Qd8
{[%clk 0:01:30]} Qe3 {[%clk 0:35:45]} 48. Qc7 {[%clk 0:01:27]} Qd4
{[%clk 0:34:41]} 49. Qd8 {[%clk 0:00:38]} Qc3 {[%clk 0:34:22]} 50. exd5
{[%clk 0:00:39]} Rg7 {[%clk 0:34:51]} 51. Qf6 {[%clk 0:00:34]} Qd2
{[%clk 0:35:03]} 52. Rg1 {[%clk 0:00:34]} Bxd5 {[%clk 0:35:30]} 53. Qd8+
{[%clk 0:00:44]} Bg8 {[%clk 0:35:59]} 54. Qf6 {[%clk 0:00:38]} Qe3
{[%clk 0:36:01]} 55. Qc6 {[%clk 0:00:39]} Qd4 {[%clk 0:35:11]} 56. Be4
{[%clk 0:00:39]} Rd7 {[%clk 0:34:36]} 57. Qf6+ {[%clk 0:00:57]} Rg7
{[%clk 0:35:04]} 58. Qc6 {[%clk 0:01:24]} Rd7 {[%clk 0:35:30]} 59. Qf6+
{[%clk 0:01:18]} Rg7 {[%clk 0:35:56]} 60. Qc6 {[%clk 0:01:45]} Bf7
{[%clk 0:33:51]} 61. h3 {[%clk 0:01:36]} Bg6 {[%clk 0:34:01]} 62. Bxg6
{[%clk 0:00:44]} Rxg6 {[%clk 0:33:29]} 63. Qe8+ {[%clk 0:01:05]} Rg8
{[%clk 0:33:56]} 64. Qf7 {[%clk 0:01:13]} Qd6 {[%clk 0:32:57]} 65. Qf5
{[%clk 0:01:30]} Rg3 {[%clk 0:32:08]} 66. Re1 {[%clk 0:00:43]} Re3
{[%clk 0:32:34]} 67. Qc8+ {[%clk 0:00:40]} Kg7 {[%clk 0:33:01]} 68. Qg4+
{[%clk 0:01:02]} Kh8 {[%clk 0:33:27]} 69. Rd1 {[%clk 0:00:43]} Qe7
{[%clk 0:28:08]} 70. Qc8+ {[%clk 0:00:40]} Kg7 {[%clk 0:28:36]} 71. Rd7
{[%clk 0:00:56]} Qxd7 {[%clk 0:29:03]} 72. Qxd7+ {[%clk 0:01:21]} Kf6
{[%clk 0:29:32]} 73. a5 {[%clk 0:01:20]} Re1+ {[%clk 0:29:58]} 74. Kh2
{[%clk 0:01:47]} Ra1 {[%clk 0:30:25]} 75. Qd6+ {[%clk 0:01:23]} Kf5
{[%clk 0:30:52]} 76. Qxb4 {[%clk 0:01:37]} Ra2 {[%clk 0:31:17]} 77. Qc5
{[%clk 0:01:30]} Ke4 {[%clk 0:31:43]} 78. b4 {[%clk 0:01:31]} Ra3
{[%clk 0:32:08]} 79. a6 {[%clk 0:01:23]} f3 {[%clk 0:32:35]} 80. Qc6+
{[%clk 0:01:04]} Kd5 1-0

[Event "Festival"]
[Site "?"]
[Date "2016.02.17"]
[Round "9.3"]
[White "Maisuradze, Nino"]
[Black "Loiseau, Quentin"]
[Result "1/2-1/2"]
[LiveChessVersion "1.4.7"]
[BlackElo "2437"]
[WhiteElo "2302"]

1. d4 {[%clk 1:30:58]} d5 {[%clk 1:30:53]} 2. c4 {[%clk 1:31:19]} e6
{[%clk 1:31:15]} 3. Nf3 {[%clk 1:31:32]} Nf6 {[%clk 1:31:34]} 4. Bg5
{[%clk 1:30:55]} dxc4 {[%clk 1:31:23]} 5. Qa4+ {[%clk 1:26:14]} Nbd7
{[%clk 1:29:43]} 6. Nc3 {[%clk 1:19:00]} a6 {[%clk 1:24:20]} 7. e4
{[%clk 1:00:15]} b5 {[%clk 1:06:56]} 8. Nxb5 {[%clk 0:58:34]} axb5
{[%clk 1:07:11]} 9. Qxa8 {[%clk 0:58:51]} Bb4+ {[%clk 1:07:35]} 10. Bd2
{[%clk 0:53:28]} Nb6 {[%clk 1:07:10]} 11. Qc6+ {[%clk 0:53:11]} Bd7
{[%clk 1:07:34]} 12. Qb7 {[%clk 0:53:37]} Bc8 {[%clk 1:03:36]} 13. Qc6+
{[%clk 0:54:05]} Bd7 {[%clk 1:04:31]} 14. Qb7 {[%clk 0:54:30]} Bc8
{[%clk 1:04:59]} 1/2-1/2

[Event "Festival"]
[Site "?"]
[Date "2016.02.17"]
[Round "9.4"]
[White "Savina, Anastasia"]
[Black "Karavade, Eesha"]
[Result "1/2-1/2"]
[LiveChessVersion "1.4.7"]
[BlackElo "2400"]
[WhiteElo "2401"]

1. d4 {[%clk 1:30:01]} Nf6 {[%clk 1:30:04]} 2. c4 {[%clk 1:30:22]} e6
{[%clk 1:30:28]} 3. Nc3 {[%clk 1:30:08]} Bb4 {[%clk 1:30:49]} 4. e3
{[%clk 1:30:09]} O-O {[%clk 1:31:08]} 5. Bd3 {[%clk 1:30:19]} d5 {[%clk 1:31:23]}
6. Nf3 {[%clk 1:30:41]} c5 {[%clk 1:31:47]} 7. O-O {[%clk 1:30:49]} dxc4
{[%clk 1:32:12]} 8. Bxc4 {[%clk 1:31:16]} Nbd7 {[%clk 1:32:36]} 9. a3
{[%clk 1:29:03]} Ba5 {[%clk 1:32:42]} 10. Qe2 {[%clk 1:25:27]} a6
{[%clk 1:33:01]} 11. Rd1 {[%clk 1:17:31]} Qe7 {[%clk 1:32:26]} 12. e4
{[%clk 1:10:17]} b5 {[%clk 1:19:23]} 13. Ba2 {[%clk 1:06:46]} cxd4
{[%clk 1:19:19]} 14. Nxd4 {[%clk 1:06:04]} Bxc3 {[%clk 1:18:53]} 15. bxc3
{[%clk 1:05:53]} Bb7 {[%clk 1:19:17]} 16. f3 {[%clk 0:49:05]} Rac8
{[%clk 1:16:33]} 17. Nb3 {[%clk 0:26:49]} Nb6 {[%clk 1:13:19]} 18. Bg5
{[%clk 0:16:21]} e5 {[%clk 1:12:57]} 19. Na5 {[%clk 0:09:52]} Na4
{[%clk 1:13:20]} 20. Rd3 {[%clk 0:01:51]} Nxc3 {[%clk 1:12:01]} 21. Qb2
{[%clk 0:00:49]} Nxa2 {[%clk 1:10:26]} 22. Rxa2 {[%clk 0:01:16]} Rfd8
{[%clk 1:09:24]} 23. Rxd8+ {[%clk 0:01:04]} Rxd8 {[%clk 1:09:51]} 24. Nxb7
{[%clk 0:00:35]} Qxb7 {[%clk 1:05:30]} 25. Qxe5 {[%clk 0:00:54]} Qb6+
{[%clk 1:00:21]} 26. Kf1 {[%clk 0:01:22]} h6 {[%clk 0:59:03]} 27. Bd2
{[%clk 0:01:06]} Rc8 {[%clk 0:57:36]} 28. Bc3 {[%clk 0:00:34]} Qc6
{[%clk 0:55:13]} 29. Rd2 {[%clk 0:00:57]} Re8 {[%clk 0:55:39]} 30. Qd4
{[%clk 0:01:05]} Re7 {[%clk 0:54:59]} 31. Qd8+ {[%clk 0:00:44]} Re8
{[%clk 0:55:27]} 32. Qd4 {[%clk 0:01:12]} Re7 {[%clk 0:54:32]} 33. Qd8+
{[%clk 0:01:39]} Re8 {[%clk 0:54:56]} 1/2-1/2